000
00295nam a2200109Ia 4500
008
190216s9999||||xx |||||||||||||| ||und||
100
_a
Sooryanarayana Rao H.G
245
0
_a
Projective Geometry Of The Comic
260
_b
St.Joseph`S Industrial School Press
650
_a
Mathematics
942
_c
BK
999
_c
30567
_d
30567